LEADER 02968oam 2200745I 450 001 9910450342403321 005 20200520144314.0 010 $a1-134-36837-2 010 $a0-415-31820-3 010 $a1-134-36838-0 010 $a1-280-07641-0 010 $a0-203-59848-2 024 7 $a10.4324/9780203598481 035 $a(CKB)1000000000249077 035 $a(EBL)200419 035 $a(OCoLC)475910244 035 $a(SSID)ssj0000293544 035 $a(PQKBManifestationID)11222924 035 $a(PQKBTitleCode)TC0000293544 035 $a(PQKBWorkID)10302520 035 $a(PQKB)11424658 035 $a(MiAaPQ)EBC200419 035 $a(Au-PeEL)EBL200419 035 $a(CaPaEBR)ebr10100001 035 $a(CaONFJC)MIL7641 035 $a(OCoLC)54494417 035 $a(EXLCZ)991000000000249077 100 $a20180706d2004 uy 0 101 0 $aeng 135 $aur|n|---||||| 181 $ctxt 182 $cc 183 $acr 200 00$aDecolonization $eperspectives from now and then /$fedited by Prasenjit Duara 205 $a2nd ed. 210 1$aLondon ;$aNew York :$cRoutledge,$d2004. 215 $a1 online resource (139 p.) 225 1 $aThe making of the contemporary world 300 $aDescription based upon print version of record. 311 $a0-203-68440-0 311 $a0-415-31821-1 320 $aIncludes bibliographical references (p. [120]-125) and index. 327 $a1. Empire in the afternoon: the interwar years -- 2. The sea change of empire: the effects of World War II -- 3. Instability and uncertainty: the postwar situation -- 4. Pronouncements, denunciation, and the search for ideology: international public opinion and decolonization -- 5. Countryside and city: the two landscapes of decolonization -- 6. 'Gotta be this or that': the problems of independence -- 7. Outside in: colonial migration -- 8. Land and language: concerns over the perceived continuing European presence -- 9. In the wake of the past -- 10. Beyond empire: current issues and conditions in the study of imperialism and decolonization. 330 $aA second, fully updated edition of this concise introduction to the phenomenon of decolonization. 410 0$aMaking of the contemporary world. 606 $aDecolonization$xHistory 606 $aImperialism$xHistory$y20th century 606 $aWorld politics$y1945-1989 606 $aWorld War, 1914-1918$xInfluence 606 $aWorld War, 1939-1945$xInfluence 608 $aElectronic books. 615 0$aDecolonization$xHistory. 615 0$aImperialism$xHistory 615 0$aWorld politics 615 0$aWorld War, 1914-1918$xInfluence. 615 0$aWorld War, 1939-1945$xInfluence. 676 $a325/.3/09045 701 $aDuara$b Prasenjit$0250251 801 0$bMiAaPQ 801 1$bMiAaPQ 801 2$bMiAaPQ 906 $aBOOK 912 $a9910450342403321 996 $aDecolonization$91982425 997 $aUNINA LEADER 02411nam 2200385 n 450 001 996396048103316 005 20221108104251.0 035 $a(CKB)3810000000013953 035 $a(EEBO)2264179534 035 $a(UnM)99849948 035 $a(EXLCZ)993810000000013953 100 $a19920217d1565 uh | 101 0 $aeng 135 $aurbn||||a|bb| 200 10$aThese be to require and charge you, and euery of you, in the Quenes maiesties name and behalf by vertue and authority of her graces commissyon to vs directed, that you be and personally appeare before vs, her maiesties commissioners at [blank] the [blank] next comming$b[electronic resource] $ebringinge with you, then & there to deliuer vnto us, to her highnesse vse, fayre wrytten in parchment vnder youre signes and seales, a true and perfect certificat and answer, of al and euery article and thing hereafter ensuing, so as you wil verefy the same to be true at your comming by your corporal othes, and answer the contrary at all times hereafter at your perils 210 $a[London $cR. Jugge and J. Cawood$dca. 1565?] 215 $a1 sheet (verso blank) 300 $aInitial. 300 $aTwenty-six articles of inquiry for every parish concerning concealed lands with blanks for the insertion of date. Revoked by proclamation of 13 February 1571-2. 300 $aSuggested imprint and publication date from STC. 300 $aFormerly also STC 7685 and STC 8038. 300 $aReproduction of original in the British Library. 330 $aeebo-0216 517 2 $aThese be to require and charge you, and every of you, in the Quenes majesties name and behalf by vertue and authority of her graces commissyon to us directed, that you be and personally appeare before us, her majesties commissioners at [blank] the [blank] next comming. 606 $aCrown lands$zEngland$vEarly works to 1800 615 0$aCrown lands 701 $aElizabeth$cQueen of England,$f1533-1603.$0996842 801 0$bCu-RivES 801 1$bCu-RivES 801 2$bCStRLIN 801 2$bWaOLN 906 $aBOOK 912 $a996396048103316 996 $aThese be to require and charge you, and euery of you, in the Quenes maiesties name and behalf by vertue and authority of her graces commissyon to vs directed, that you be and personally appeare before vs, her maiesties commissioners at the blank next comming$92310727 997 $aUNISA